Introduction to partial differential equations (Record no. 64241)

000 -LEADER
fixed length control field 00460nam a22001697a 4500
003 - CONTROL NUMBER IDENTIFIER
control field NUST - PNEC
005 - DATE AND TIME OF LATEST TRANSACTION
control field 20170116180837.0
008 - FIXED-LENGTH DATA ELEMENTS--GENERAL INFORMATION
fixed length control field 150810b xxu||||| |||| 00| 0 eng d
020 ## - INTERNATIONAL STANDARD BOOK NUMBER
International Standard Book Number 8120318854
040 ## - CATALOGING SOURCE
Transcribing agency LIBRARY
082 ## - DEWEY DECIMAL CLASSIFICATION NUMBER
Classification number 515.353 FOL
100 ## - MAIN ENTRY--PERSONAL NAME
9 (RLIN) 5026
Personal name Folland, G. B.
245 ## - TITLE STATEMENT
Title Introduction to partial differential equations
Statement of responsibility, etc. G. B. Folland
250 ## - EDITION STATEMENT
Edition statement 2th ed
650 ## - SUBJECT ADDED ENTRY--TOPICAL TERM
9 (RLIN) 5027
Topical term or geographic name entry element Differential equations, Partial
General subdivision -
942 ## - ADDED ENTRY ELEMENTS (KOHA)
Source of classification or shelving scheme
Koha item type Book
Holdings
Withdrawn status Lost status Source of classification or shelving scheme Damaged status Not for loan Permanent Location Current Location Shelving location Date acquired Total Checkouts Full call number Barcode Date last seen Price effective from Koha item type
          Pakistan Navy Engineering College (PNEC) Pakistan Navy Engineering College (PNEC)       515.353 FOL PNECLIB-026252 08/10/2015   Book
© 2023 Central Library, National University of Sciences and Technology. All Rights Reserved.